000 00612 a2200217 4500
999 _c10614
_d10614
020 _a9781787332287
050 _aPR6054 DOY 2020
100 _aDoyle, Roddy
_d1958 -
_eauthor
245 _aLove /
_cRoddy Doyle
264 _aLondon :
_bJonathan Cape,
_c2020. ♭2020
300 _a326 pages ;
_b24 cm
500 _aFiction
650 _aMale friendship
_xFiction
650 _aSecrecy
_xFiction
650 _aReminiscing
_xFiction.
650 _aMan - woman relationships
650 _aBars (Drinking establishments)
650 _aIreland
_xDublin
651 _aIreland
942 _2lcc
_cBK
_h6054
_iDOY
_kPR